00584 2200217 4500245004500000020001800045250001100063100001700074700001600091700002300107700001200130650001700142005001900159260004100178041001400219084001300233300003200246500006800278336000900346338001100355 aTragedi di Arena SkicKayama, YumihText a979-20-6113-4 aCet. 1 aKayama, Yumi aKazami, Jun aMaria Kartika Sari aBinarti aKomik Jepang a20230131103832 aJakartabElex Media Komputindoc2004 aIndonesia a741.5592 a... jil. :bilus. ;c17 cm. aJudul asli : Ski Jo Yurei JikenDiterjemahkan dari bahasa Jepang atext avolume